00696nam a2200217 i 4500001001100000003000500011005001700016008004100033040002500074082001500099110003600114245004900150264006200199300004200261336002100303337002500324338002300349500001100372650004700383710004800430C2-0169858PPAK20180728093131.0980804s1962 my a|||| ||||| | eng d aPPAKbengcPPAKerda04a959.52 232 aFederation of Malaya Government00aFederation of Malaya official year book 1962 1aKuala Lumpur : bFederation of Malaya Government , c1962 a528 pages : billustrations ; c22 cm 2rdacontentatext 2rdamediaaunmediated 2rdacarrieravolume aVol. 210aMalaysia-politics and government-year book2 aFederation of Malaya Government eorganizer